| 000 | 00467nam a2200121 4500 | ||
|---|---|---|---|
| 008 | 708.983 M986c | ||
| 082 |
_a708.983 _bM986c |
||
| 100 |
_aOrtega-Márquez, Inés (curadora) _96491 |
||
| 245 |
_a4 premios nacionales: _bJosé Balmes, Gracia Barrios, Roser Bru, Guillermo Núñez |
||
| 260 |
_aSantiago de Chile _bMuseo Nacional de Bellas Artes _c2017 |
||
| 300 |
_a84 p. _bill (col) _c21 x 14 cm |
||
| 650 |
_xarte contemporáneo _xarte - exhibiciones _xChile _xartes visuales _96492 |
||
| 999 |
_c1539 _d1539 |
||